A clean bill of health (Record no. 75579)

MARC details
000 -LEADER
fixed length control field 00588cab a2200181 4500
001 - CONTROL NUMBER
control field L130365
008 - FIXED-LENGTH DATA ELEMENTS--GENERAL INFORMATION
fixed length control field 050721n2005 000 0 eng u
035 ## - SYSTEM CONTROL NUMBER
System control number (Sirsi) u130365
041 ## - LANGUAGE CODE
Language code of text/sound track or separate title eng
100 ## - MAIN ENTRY--PERSONAL NAME
Personal name Horton, Karl
245 #2 - TITLE STATEMENT
Title A clean bill of health
260 ## - PUBLICATION, DISTRIBUTION, ETC.
Date of publication, distribution, etc. 2005
490 ## - SERIES STATEMENT
Series statement QS Week
Volume/sequential designation 20 July 2005, 14-15(2)
520 ## - SUMMARY, ETC.
Summary, etc. Looks at inflation and cost indices for health centre projects and provides benchmark figures for key elements. Tables and graphs. [Taken from journal abstract].
590 ## - LOCAL NOTE (RLIN)
Local note IKA020805
690 ## - LOCAL SUBJECT ADDED ENTRY--TOPICAL TERM (OCLC, RLIN)
Topical term or geographic name as entry element BUILT ENVIRONMENT-BUILDING COSTS
942 ## - ADDED ENTRY ELEMENTS (KOHA)
Suppress in OPAC 0
Holdings
Withdrawn status Lost status Source of classification or shelving scheme Damaged status Not for loan Home library Current library Shelving location Date acquired Total Checkouts Full call number Barcode Date last seen Copy number Price effective from Koha item type
    Dewey Decimal Classification     London London Journal article 21/07/2005   L130365 130365-1001 06/08/2019 1 06/08/2019 Journal article